Management Accounting (Record no. 5888)

MARC details
005 - DATE AND TIME OF LATEST TRANSACTION
control field 20250628082534.0
020 ## - INTERNATIONAL STANDARD BOOK NUMBER
International Standard Book Number 0-8264-6953-1
082 ## - DEWEY DECIMAL CLASSIFICATION NUMBER
Classification number 658 LUC
100 ## - MAIN ENTRY--PERSONAL NAME
Author name LUCEY, T
245 ## - TITLE STATEMENT
Title Management Accounting
250 ## - EDITION STATEMENT
Edition statement 5th Ed.
260 ## - PUBLICATION, DISTRIBUTION, ETC.
Place of publication, distribution, etc. New York
Name of publisher, distributor, etc. Thomson
Date of publication, distribution, etc. 2003.
300 ## - PHYSICAL DESCRIPTION
Extent xi,723p.: ill.;figures
Other physical details Appendix, Index
Dimensions 24cm
942 ## - ADDED ENTRY ELEMENTS (KOHA)
Source of classification or shelving scheme Dewey Decimal Classification
Koha item type Books
Holdings
Date last seen Total checkouts Full call number Barcode Cost, replacement price Price effective from Koha item type Lost status Source of classification or shelving scheme Damaged status Not for loan Withdrawn status Home library Current library Shelving location Date acquired Source of acquisition Cost, normal purchase price
06/28/2025   658 LUC MZA0002897 135000.00 06/28/2025 Books   Dewey Decimal Classification       CBE Mwanza CBE Mwanza Special Reserve Collection 06/21/2017 Library Budget 45000.00